000 00696nam a2200145 a 4500
008 090708s1987 ||||||||||||||||| || u
050 _aGOV.ZAM(058)ER/1987
110 _aGovernment of the Republic of Zambia. National Commission for Development Planning (NCDP)
245 1 0 _aEconomic review 1986 and annual plan 1987
_cBy the Office of the President. National Commission for Development Planning
260 _aLusaka:
_bGovernment Printer
_c1987
300 _a532p.: ill.
350 _a0.00
650 0 _aECONOMIC DEVELOPMENT--ZAMBIA
995 _D0.00
_FCBU-MAIN LIBRARY (Kitwe)
_H1
_I0.00
_M1
_UAVAILABLE
_WJul 8, 2009
_ZZambiana Collection
999 _c40911
_d40911